01221nam a2200181Ia 4500003000400000005001700004008004000021020001800061040001000079041000800089082001600097100001500113245008500128250001300213260005200226300002100278500074000299OSt20250726100813.0210210b2019 xxu||||| |||| 00| 0 eng d a9788120769922 aALc  aeng a320.01 JOHC aJohari J C aContemporary political theoryb: new dimensions basic concepts and major trends  aEd 3 Rev aNew DelhibSterlilng Publishers Pvt. Ltd.c2020 axx,780pc24x17cm aContents: Part I: New Dimensions: Political Theory • Forms, Traditions and Problems of Political Theory • State of the Discipline • Approaches and Methods • Science and Political Theory Part II: Basic Concepts: Law • Rights • Liberty • Equality • Property • Justice • Political Obligation • Political Legitimacy and Effectiveness • Revolution • Ideology • Political Alienation • Political Power Part III: Major Trends: Liberalism • Existentialism • Behaviouralism • Post-Behaviouralism • New Leftism • Eurocommunism and Post-Communism • Fascism • Post-Modernism • Feminism • State in Different Perspectives • Terrorism • Globalisation • Multiculturalism • Bibliography • Index